| 000 | 00962nas a2200313 4500 | ||
|---|---|---|---|
| 001 | BR8601784 | ||
| 003 | BR-BrBNA | ||
| 005 | 20231205090425.0 | ||
| 007 | ta | ||
| 008 | 230509b bl.|||p| |||| 00| 00por d | ||
| 040 |
_aBR-BrBNA _bpor _cBiblioteca Nacional de Agricultura |
||
| 041 | _a(Pt) | ||
| 072 | _aF30 | ||
| 100 | 1 | _aBueno, A. | |
| 100 | 1 | _aFukuda, W.M.G. | |
| 100 | 1 | _aCardoso, E.M.R. | |
| 100 | 1 | _aDantas, J.L.L. | |
| 111 | 1 |
_a1. Simposio de Tropico Umido _cBelem, PA (Brazil) _dNov 1984 |
|
| 245 | 1 | _aSelecao de genotipos de mandioca no Tropico Umido [Para] | |
| 246 | 1 | _aSelection of cassava genotypes in the Humid Tropic | |
| 650 | _aMANDIOCA | ||
| 650 | _aSELECAO GENOTIPA | ||
| 650 | _aVARIEDADE | ||
| 650 | _aTROPICO UMIDO | ||
| 650 | _aPARA | ||
| 773 | 0 |
_tRevista Brasileira de Mandioca (Brazil) _xISSN 0101-563X _g(Jun 1985), v. 4(1) p. 107-116 _wBR8601784 |
|
| 909 |
_a202311 _bLúcia _c55 _dLúcia Elande |
||
| 942 |
_2AGRIS _n0 _cANA |
||
| 999 |
_c118325 _d118325 |
||